Cargando...

Madhyakaleen hindi muktak : utbhav aur vikas

Detalles Bibliográficos
Autor Principal: Jitendranath Patak
Formato: Printed Book
Idioma:Hindi
Subjects:
LEADER 00472nam a2200133Ia 4500
008 150624b xxu||||| |||| 00| p hin d
082 |a 861.209 JIT/M H 
100 |a Jitendranath Patak 
245 |c Jitendranath Patak  |a Madhyakaleen hindi muktak :  |b  utbhav aur vikas 
546 |a In Hindi. 
650 |v Poetry 
942 |c BK 
999 |c 100834  |d 100834 
952 |0 0  |1 0  |4 0  |6 861_209000000000000_JIT_M_H  |7 0  |9 100777  |a UL  |b UL  |c ST2  |d 2013-10-05  |l 0  |o 861.209 JIT/M H  |p 48649  |r 2013-10-05  |w 2013-10-05  |y BK